Регионална библиотека "Любен Каравелов" - Русе

В поисках совершенства управления : Руководство для высшего управленческого персонала (Запис номер 36675)

MARC детайли
000 -Лидер
Контролно поле с фиксирана дължина 01724nam a2200313 c 4500
003 - Код на организацията, давaща контролен номер
Контролно поле BLK
005 - Дата и час на последна редакция
Контролно поле 20180420220930.0
008 - Елементи от данни с фиксирана дължина
fixed length control field 180408b bul|||||r ||||||| ||bul||
010 ## - Наследен системен номер
LC control number KNG00039723000
020 ## - Международен стандартен номер на книга ISBN
Международен стандартен номер на книга ISBN 5-900003-05-1
-- издат.: МНИИПУ
040 ## - Източник на каталожния запис
Идентификатор на билиотеката - собственик на записа BLK
041 ## - Код за език
Код за езика на текст/звукозапис или на отделно заглавие Руски
Код за езика КДБФ Руски
080 ## - УДК
Текстов определител УДК Управление на предприятията. Организация на производството, търговията, транспорта и съобщенията. Полиграфическа промишленост и издателско дело
УДК код - определител по УДК 005
УДК определител .012(035)
УДК - код + определител 005.012(035)
080 ## - УДК
Текстов определител УДК Форми на предприятията в зависимост от отношението към собствеността...
УДК код - определител по УДК 334.72
УДК определител (035)
УДК - код + определител 334.72(035)
100 1# - Редна дума - Автор
Автор Гончаров, Вадим Владимирович
Авторска отговорност първи автор
R(LIN) 275070
139 ## - Редно поле
Редна дума Гончаров, Вадим Владимирович
Авторски знак Гом - Г 64
245 10 - Сведения за заглавието
Заглавие В поисках совершенства управления : Руководство для высшего управленческого персонала
Подзаглавни данни В 2-х т. : Опыт лучших пром. фирм США, Японии и стран Зап. Европы
Редно поле (дума) Вадим Владимирович Гончаров.
Том Т. 2
250 ## - Област на изданието
Сведения за изданието 3-е доп. изд
257 ## - Страна на издаване
Страна на създаване/издаване Русия
260 ## - Област на издателските данни
-- Москва
Име на издателя, разпространителя и проч. МНИИПУ
Година на издаване 1998
300 ## - Физическа характеристика
Размери/Мащаб 27 см
380 ## - Жанр
Жанр Техника
760 1# - Описание на основната серия
Редна дума на основното описание Гончаров, Вадим Владимирович
Издание 3-е доп. изд
Място на издаване, издател и година 1998
Страници - том 784 с.
Заглавие Т. 2
852 ## - Местоположение
Форматна сигнатура Цб ІІ 10398
856 4# - Електронен адрес и достъп
Електронен формат pdf - файл
Път до файла /url/
856 4# - Електронен адрес и достъп
Електронен формат pdf - файл
Път до файла /url/
942 ## - АРТИКУЛИ
Вид на библиотечния материал Книги
Скрит в OPAC Не
944 ## - СЪЗДАВАНЕ И РЕДАКЦИЯ на ЗАПИСА
Създаване/Редакция Създаване
Дата на регистрацията/редакция 15.01.2003
Служител, извършил регистрацията/редакцията Кети_Илиева
944 ## - СЪЗДАВАНЕ И РЕДАКЦИЯ на ЗАПИСА
Създаване/Редакция Редакция
Дата на регистрацията/редакция 23.06.2005
Служител, извършил регистрацията/редакцията
999 ## - СИСТЕМНИ КОНТРОЛНИ НОМЕРА
Koha biblionumber 36675
Koha biblioitemnumber 36675
Наличности
Код за отписване Код за изгубен артикул Източник на класификационната схема Код за повреда Коз за рестрикции Код за отдаване Артикулен № Име на библиотеката - собственик Име на библиотеката, в която се намира в момента Статус (Текущо местоположение) Дата на вписване в системата Местоположение - отдел Цена в лева Инвентарен номер Систематично азбучна сигнатура Баркод Номер на екземпляра Цена в евро Служебна бележка Служебен тип на артикула
  Не е изгубен Universal Decimal Classification Не е повреден без рестрикции ползва се в читалня 57714 Регионална библиотека "Любен Каравелов" Русе Регионална библиотека "Любен Каравелов" Русе Читалня 1998-01-01 Читалня 0.00 651277 Ч 005/Г 64 120000651277 1 0.00 Дост: Pk Вид: Ф N: стар фонд Дата: 01.01.1998 Дата инв: 23.03.2017 Бележки инв: Ч2017 Книги
Vip Innovations Ltd, Rousse, Bulgaria 2025